Banks as Financial Businesses: книга для студента; учебное пособие

Detalles Bibliográficos
Autor Principal: Фомин С. А. Сергей Анатольевич
Autor Corporativo: Томский политехнический университет (ТПУ)
Outros autores: Харина Н. В. Наталья Владимировна, Рахимов Т. Р. Тимур Рустамович
Summary:Заглавие с титульного экрана
Электронная версия печатной публикации
Книга на английском языке
Целью пособия является развитие навыков и умений использования английского языка в сфере профессионального общения. В пособии используется комбинация отечественных и зарубежных технологий преподавания иностранного языка в высшей технической школе. Предназначено для студентов, обучающихся по гуманитарным и экономическим специальностям и изучающих английский язык, в том числе язык профессионального общения. Пособие может быть использовано для более широкого круга изучающих английский язык на курсах, в системе повышения квалификации или самостоятельно
Режим доступа: из корпоративной сети ТПУ
Idioma:inglés
Publicado: Томск, Изд-во ТПУ, 2009
Subjects:
Acceso en liña:http://www.lib.tpu.ru/fulltext2/m/2010/m32.pdf
Formato: MixedMaterials Electrónico Libro
KOHA link:https://koha.lib.tpu.ru/cgi-bin/koha/opac-detail.pl?biblionumber=176058

MARC

LEADER 00000nlm0a2200000 4500
001 176058
005 20231220100404.0
035 |a (RuTPU)RU\TPU\book\190879 
090 |a 176058 
100 |a 20100222d2009 m y0rusy50 ca 
101 0 |a eng 
102 |a RU 
105 |a a j 000zy 
135 |a vrcn ---uucaa 
181 0 |a i  
182 0 |a b 
200 1 |a Banks as Financial Businesses  |d Банки как финансовые институты   |e книга для студента  |e учебное пособие  |f С. А. Фомин, Н. В. Харина, Т. Р. Рахимов  |g Томский политехнический университет (ТПУ) 
203 |a Текст  |c электронный 
210 |a Томск  |c Изд-во ТПУ  |d 2009 
300 |a Заглавие с титульного экрана 
300 |a Электронная версия печатной публикации 
300 |a Книга на английском языке 
330 |a Целью пособия является развитие навыков и умений использования английского языка в сфере профессионального общения. В пособии используется комбинация отечественных и зарубежных технологий преподавания иностранного языка в высшей технической школе. Предназначено для студентов, обучающихся по гуманитарным и экономическим специальностям и изучающих английский язык, в том числе язык профессионального общения. Пособие может быть использовано для более широкого круга изучающих английский язык на курсах, в системе повышения квалификации или самостоятельно 
333 |a Режим доступа: из корпоративной сети ТПУ 
337 |a Adobe Reader 
452 1 |0 (RuTPU)RU\TPU\book\189129  |t Банки как финансовые институты  |l Banks as financial businesses  |o книга для студента  |o учебное пособие для вузов  |f С. А. Фомин, Н. В. Харина, Т. Р. Рахимов  |g Томский политехнический университет (ТПУ)  |c Томск  |n Изд-во ТПУ  |d 2009  |p 58 с.  |a Фомин, Сергей Анатольевич 
510 1 |a Банки как финансовые институты  |z rus 
606 1 |a Английский язык  |x Учебные руководства и пособия  |x Хрестоматии, книги для чтения  |2 stltpush  |3 (RuTPU)RU\TPU\subj\29075  |9 52487 
610 1 |a английский язык 
610 1 |a профессиональное общение 
610 1 |a лексика 
610 1 |a грамматика 
610 1 |a разговорная речь 
610 1 |a упражнения 
610 1 |a финансы 
610 1 |a банки 
610 1 |a банковская деятельность 
610 1 |a кредит 
610 1 |a учебные пособия 
610 1 |a труды учёных ТПУ 
610 1 |a электронный ресурс 
686 |a Ш143.21-923.8  |2 rubbk 
700 1 |a Фомин  |b С. А.  |c доцент  |c кафедра английского языка и технической коммуникации Томского политехнического университета  |g Сергей Анатольевич  |3 (RuTPU)RU\TPU\pers\24588  |9 10886 
701 1 |a Харина  |b Н. В.  |c старший преподаватель  |c кафедра английского языка и бизнес-коммуникации  |g Наталья Владимировна  |3 (RuTPU)RU\TPU\pers\24573  |4 070 
701 1 |a Рахимов  |b Т. Р.  |c экономист  |c доцент Томского политехнического университета, кандидат экономических наук  |f 1977-  |g Тимур Рустамович  |3 (RuTPU)RU\TPU\pers\27970  |4 070  |9 12960 
712 0 2 |a Томский политехнический университет (ТПУ)  |c (1991- )  |3 (RuTPU)RU\TPU\col\376 
801 1 |a RU  |b 63413507  |c 20090929 
801 2 |a RU  |b 63413507  |c 20111128  |g RCR 
856 4 |u http://www.lib.tpu.ru/fulltext2/m/2010/m32.pdf 
942 |c CF